000 00342nam a2200145Ia 4500
008 230711s9999||||xx |||||||||||||| ||und||
041 _aENG
082 _a621
_bTE-E
100 _aTewari,JP
245 0 _aEngineering electro magnetics
250 _a1st Ed.
260 _c1999
_aNew Delhi
_bKhanna Publishers
650 _aPhysics
942 _cBK
999 _c3769
_d3769